[Event "Groningen Combinatie op"]
[Site "Groningen"]
[Date "2024.05.11"]
[Round "4"]
[White "Koes, Richard"]
[Black "Aden, Tammo"]
[Result "0-1"]
[WhiteElo "1821"]
[BlackElo "2025"]
[PlyCount "112"]
[EventDate "2024.05.09"]
[EventType "swiss"]
[EventRounds "7"]
[EventCountry "NED"]
[SourceTitle "CB20_2024"]
[SourceDate "2024.05.16"]
[SourceVersion "1"]
[SourceVersionDate "2024.05.16"]
[SourceQuality "1"]

1. e4 c6 2. Nc3 d5 3. f4 dxe4 4. Nxe4 Nf6 5. Nf2 Bf5 6. Nf3 e6 7. d4 Nbd7 8. Bd3 Bxd3 9. Nxd3 c5 10. c3 cxd4 11. cxd4 Qb6 12. Qe2 Bd6 13. 0-0 0-0 14. Kh1 Qb5 15. Nfe5 Rac8 16. Be3 Nb6 17. Rac1 Nbd5 18. Bd2 Bb4 19. Bxb4 Nxb4 20. a3 Nxd3 21. Nxd3 b6 22. Qf3 Qd5 23. Ne5 Qxf3 24. Nxf3 Nd5 25. g3 Rfd8 26. Rfe1 g6 27. Kg1 Kg7 28. Kf2 Ne7 29. Rc3 Rxc3 30. bxc3 Rc8 31. Rc1 Nf5 32. c4 Nd6 33. Nd2 Nb5 34. Ke3 Nxa3 35. Kd3 b5 36. c5 Kf6 37. Ne4+ Ke7 38. Nd6 Rc6 39. Kc3 a5 40. Kb3 b4 41. Nb7 Nb5 42. Nxa5 Nxd4+ 43. Kxb4 Rc7 44. c6 f6 45. Kc5 e5 46. Kb6 Ne6 47. fxe5 fxe5 48. Re1 Kd6 49. Nc4+ Kd5 50. Nxe5 Rc8 51. Kb7 Rc7+ 52. Kb8 Re7 53. Nf3 Kxc6 54. Nd4+ Kd5 55. Nb5 Re8+ 56. Kb7 Nc5+ 0-1

[Event "Eindhoven WLC op 13th"]
[Site "Eindhoven"]
[Date "2023.05.06"]
[Round "2"]
[White "Koes, Richard"]
[Black "Koster, Chiel"]
[Result "0-1"]
[WhiteElo "1809"]
[BlackElo "2010"]
[PlyCount "54"]
[EventDate "2023.05.05"]
[EventType "swiss"]
[EventRounds "6"]
[EventCountry "NED"]
[SourceTitle "CBM 214 Extra"]
[Source "ChessBase"]
[SourceDate "2023.07.31"]
[SourceVersion "1"]
[SourceVersionDate "2023.07.31"]
[SourceQuality "1"]

1. e4 c5 2. b4 e5 3. Nf3 Nc6 4. b5 Nd4 5. c3 Nxf3+ 6. Qxf3 d5 7. exd5 Nf6 8. c4 Bd6 9. Nc3 0-0 10. Bb2 e4 11. Qd1 Re8 12. Be2 Bf5 13. h3 Nd7 14. Qb3 Ne5 15. 0-0-0 Bg6 16. h4 h5 17. Rdg1 f5 18. Qd1 f4 19. f3 e3 20. dxe3 fxe3 21. g4 Nxf3 22. Bxf3 e2 23. Nxe2 Rxe2 24. Qxe2 Bf4+ 25. Kd1 Qa5 26. gxh5 Re8 27. Qg2 Qa4+ 0-1

[Event "Leiden op-B 12th"]
[Site "Leiden"]
[Date "2018.07.14"]
[Round "2"]
[White "Koes, Richard"]
[Black "Van der Knaap, Jan"]
[Result "0-1"]
[WhiteElo "1762"]
[BlackElo "1829"]
[PlyCount "72"]
[EventDate "2018.07.13"]
[EventType "swiss"]
[EventRounds "9"]
[EventCountry "NED"]
[SourceTitle "EXT 2019"]
[Source "ChessBase"]
[SourceDate "2018.10.10"]
[SourceVersion "1"]
[SourceVersionDate "2018.10.10"]
[SourceQuality "1"]

1. e4 d6 2. d4 Nf6 3. Nc3 g6 4. f4 Bg7 5. Nf3 c5 6. dxc5 Qa5 7. Bd2 Qxc5 8. Bd3 0-0 9. Qe2 Bg4 10. Be3 Qa5 11. 0-0 Nc6 12. h3 Bxf3 13. Qxf3 Nd7 14. Ne2 Rac8 15. c3 Nde5 16. fxe5 Nxe5 17. Qg3 Nxd3 18. Bd4 Bxd4+ 19. Nxd4 Nxb2 20. Rf3 Nc4 21. Nf5 Rc7 22. Qg5 Qe5 23. Raf1 e6 24. Nh6+ Kg7 25. Qc1 Qxe4 26. Ng4 f5 27. Qh6+ Kg8 28. Rf4 Qc6 29. Qh4 e5 30. Nh6+ Kh8 31. Rxf5 gxf5 32. Rxf5 Qc5+ 33. Kh2 d5 34. Rg5 Qd6 35. Nf5 Qf6 36. Ng3 Rg7 0-1

[Event "Gibraltar Masters 15th"]
[Site "Caleta"]
[Date "2017.01.25"]
[Round "2"]
[White "Tscharotschkin, Michael"]
[Black "Koes, Richard"]
[Result "1-0"]
[WhiteElo "2190"]
[BlackElo "1830"]
[PlyCount "77"]
[EventDate "2017.01.24"]
[EventType "swiss"]
[EventRounds "10"]
[EventCountry "GGB"]
[SourceTitle "CBM 177"]
[Source "ChessBase"]
[SourceDate "2017.03.16"]
[SourceVersion "1"]
[SourceVersionDate "2017.03.16"]
[SourceQuality "1"]

1. d4 Nf6 2. Nf3 c5 3. e3 g6 4. c3 cxd4 5. exd4 Bg7 6. Bd3 d5 7. Bf4 0-0 8. Nbd2 Nc6 9. 0-0 Nh5 10. Bg3 Nxg3 11. hxg3 e5 12. dxe5 Nxe5 13. Nxe5 Bxe5 14. Nf3 Bg7 15. Qa4 Bd7 16. Bb5 Be6 17. Rad1 a6 18. Be2 b5 19. Qf4 Qb6 20. a3 a5 21. Nd4 b4 22. axb4 axb4 23. Nxe6 fxe6 24. Qxb4 Qxb4 25. cxb4 Bxb2 26. Bg4 Rf6 27. Rfe1 Kf7 28. Rd3 Ra1 29. Rxa1 Bxa1 30. b5 Ke7 31. b6 Kd6 32. Rb3 Rf8 33. b7 Rb8 34. Rb6+ Kc5 35. Rb1 Be5 36. Bxe6 Rd8 37. Rc1+ Kd6 38. Bc8 Ke7 39. Re1 1-0

[Event "Reykjavik op"]
[Site "Reykjavik"]
[Date "2016.03.13"]
[Round "7"]
[White "Kravchuk, Mykhaylo"]
[Black "Koes, Richard"]
[Result "1/2-1/2"]
[WhiteElo "1596"]
[BlackElo "1840"]
[PlyCount "83"]
[EventDate "2016.03.08"]
[EventType "swiss"]
[EventRounds "10"]
[EventCountry "ISL"]
[SourceTitle "CBM 171 Extra"]
[Source "ChessBase"]
[SourceDate "2016.04.26"]
[SourceVersion "1"]
[SourceVersionDate "2016.04.26"]
[SourceQuality "1"]

1. d4 Nf6 2. c4 c5 3. d5 g6 4. Nc3 d6 5. e4 Bg7 6. Bd3 0-0 7. h3 e6 8. Nf3 exd5 9. exd5 Re8+ 10. Ne2 Nbd7 11. 0-0 Ne4 12. Qc2 Nef6 13. Bf4 Nf8 14. Nc3 a6 15. Rfe1 Rxe1+ 16. Rxe1 b6 17. Ne4 Nxe4 18. Bxe4 Ra7 19. Bd3 Re7 20. Rxe7 Qxe7 21. b3 Nd7 22. Kf1 Ne5 23. Nxe5 Bxe5 24. Bxe5 Qxe5 25. Qe2 f6 26. Qxe5 fxe5 27. g4 Kg7 28. Kg2 g5 29. f3 h6 30. Kg3 Kf6 31. Be4 b5 32. Bd3 Bd7 33. Bc2 b4 34. Kf2 Be8 35. Ke3 h5 36. Bf5 a5 37. Be4 h4 38. Bf5 Bf7 39. Be4 Be8 40. Bf5 a4 41. Be4 a3 42. Bf5 1/2-1/2

[Event "Reykjavik op"]
[Site "Reykjavik"]
[Date "2016.03.10"]
[Round "4"]
[White "Koes, Richard"]
[Black "Lobersli, Henrik Oie"]
[Result "0-1"]
[WhiteElo "1840"]
[BlackElo "2134"]
[PlyCount "66"]
[EventDate "2016.03.08"]
[EventType "swiss"]
[EventRounds "10"]
[EventCountry "ISL"]
[SourceTitle "CBM 171 Extra"]
[Source "ChessBase"]
[SourceDate "2016.04.26"]
[SourceVersion "1"]
[SourceVersionDate "2016.04.26"]
[SourceQuality "1"]

1. e4 e5 2. Nf3 Nc6 3. Bc4 Nf6 4. Nc3 Nxe4 5. 0-0 Nxc3 6. dxc3 h6 7. Qd5 Qf6 8. Re1 d6 9. Bb5 Bd7 10. Nd4 Nd8 11. Bxd7+ Kxd7 12. Nf3 c6 13. Qb3 Kc7 14. c4 Ne6 15. Be3 g5 16. a4 g4 17. Nd2 h5 18. a5 Bh6 19. Ne4 Qe7 20. Red1 Bxe3 21. Nxd6 Bd4 22. Nxb7 Nc5 23. Qa3 Kxb7 24. c3 Bxf2+ 25. Kxf2 Ne4+ 26. Ke3 Qxa3 27. Rxa3 f5 28. a6+ Kc7 29. b4 Rad8 30. Rxd8 Rxd8 31. Ra5 Nd6 32. Rc5 Kb6 33. Ke2 Re8 0-1

[Event "Reykjavik op"]
[Site "Reykjavik"]
[Date "2016.03.09"]
[Round "2"]
[White "Hardarson, Jon Trausti"]
[Black "Koes, Richard"]
[Result "1/2-1/2"]
[WhiteElo "2058"]
[BlackElo "1840"]
[PlyCount "105"]
[EventDate "2016.03.08"]
[EventType "swiss"]
[EventRounds "10"]
[EventCountry "ISL"]
[SourceTitle "CBM 171 Extra"]
[Source "ChessBase"]
[SourceDate "2016.04.26"]
[SourceVersion "1"]
[SourceVersionDate "2016.04.26"]
[SourceQuality "1"]

1. e4 e5 2. Nf3 Nc6 3. Bc4 Nf6 4. Ng5 d5 5. exd5 Na5 6. Bb5+ c6 7. dxc6 bxc6 8. Bd3 Nd5 9. Nf3 Bd6 10. Nc3 Nf4 11. 0-0 Nxd3 12. cxd3 0-0 13. Qa4 Rb8 14. h3 Rb4 15. Qd1 f5 16. Re1 Qc7 17. a3 Rb3 18. Qe2 Re8 19. Nd4 Bd7 20. Nxb3 Nxb3 21. Rb1 Nd4 22. Qd1 Qb7 23. b4 Qa6 24. Qa4 Qxd3 25. Qxa7 Be6 26. Bb2 Qxd2 27. Ba1 Qg5 28. Kh1 Qd2 29. Rf1 Qf4 30. Rbd1 e4 31. g3 Qf3+ 32. Kh2 f4 33. Ne2 fxg3+ 34. Nxg3 Bxg3+ 35. fxg3 Qe2+ 36. Kh1 Nf5 37. Be5 e3 38. Rxf5 Qxd1+ 39. Kh2 Qc2+ 40. Kg1 Qb1+ 41. Rf1 Qg6 42. Qxe3 Bxh3 43. Re1 Qf7 44. Qf2 Qd5 45. Bc3 Rf8 46. Qe2 h6 47. Kh2 Bd7 48. a4 Qf3 49. Qe3 Qh5+ 50. Kg1 Rf3 51. Qe5 Qg6 52. Kg2 Rf5 53. Qe3 1/2-1/2

[Event "Vlissingen HZ op 11th"]
[Site "Vlissingen"]
[Date "2007.08.11"]
[Round "9"]
[White "Van Weersel, Arlette"]
[Black "Koes, Richard"]
[Result "1-0"]
[WhiteElo "2158"]
[BlackElo "2003"]
[PlyCount "107"]
[EventDate "2007.08.04"]
[EventType "swiss"]
[EventRounds "9"]
[EventCountry "NED"]
[SourceTitle "CBM 119 Extra"]
[Source "ChessBase"]
[SourceDate "2007.09.04"]
[SourceVersion "1"]
[SourceVersionDate "2007.09.04"]
[SourceQuality "1"]

1. Nf3 Nf6 2. g3 c5 3. Bg2 Nc6 4. c4 g6 5. b3 Bg7 6. Bb2 0-0 7. 0-0 d5 8. cxd5 Nxd5 9. Bxg7 Kxg7 10. Qc2 b6 11. Nc3 Nf6 12. Qb2 Rb8 13. Ne4 Nd4 14. Nxd4 cxd4 15. Nxf6 exf6 16. Rfc1 Ba6 17. d3 Qe7 18. Qxd4 Qxe2 19. Rc6 Qe5 20. Qxe5 fxe5 21. Rc7 Rbc8 22. Rxa7 Bxd3 23. a4 Rc3 24. Bd5 Rc5 25. Rd7 Bf5 26. Rd6 Rfc8 27. Bc4 R5c6 28. Rad1 h5 29. h4 R8c7 30. Kg2 e4 31. R1d4 Kf8 32. Kf1 Ke7 33. Rxc6 Rxc6 34. Ke2 f6 35. Kd2 Rd6 36. Kc3 Rxd4 37. Kxd4 Kd6 38. Bf7 Ke7 39. Bd5 Kd6 40. Bf7 Ke7 41. Bd5 Kd6 42. b4 Bd7 43. a5 bxa5 44. bxa5 Bc8 45. Bxe4 g5 46. Bf3 g4 47. Bd5 Kc7 48. Kc5 Ba6 49. Bf7 Be2 50. Bxh5 Kb7 51. Bf7 Bd3 52. Bd5+ Kc7 53. Bc4 Bg6 54. Kd5 1-0

[Event "Vlissingen HZ op 11th"]
[Site "Vlissingen"]
[Date "2007.08.05"]
[Round "2"]
[White "Miedema, David"]
[Black "Koes, Richard"]
[Result "1-0"]
[WhiteElo "2271"]
[BlackElo "2003"]
[PlyCount "69"]
[EventDate "2007.08.04"]
[EventType "swiss"]
[EventRounds "9"]
[EventCountry "NED"]
[SourceTitle "CBM 119 Extra"]
[Source "ChessBase"]
[SourceDate "2007.09.04"]
[SourceVersion "1"]
[SourceVersionDate "2007.09.04"]
[SourceQuality "1"]

1. d4 Nf6 2. c4 g6 3. Nc3 Bg7 4. e4 d6 5. f3 0-0 6. Be3 e5 7. Nge2 Nc6 8. d5 Ne7 9. Qd2 Ne8 10. g4 f5 11. gxf5 gxf5 12. 0-0-0 f4 13. Bf2 Rf6 14. c5 Rh6 15. Kb1 Ng6 16. Nc1 Bh3 17. Nb3 Bxf1 18. Rdxf1 Rh3 19. Qe2 Qg5 20. Qb5 Rxf3 21. Nd2 Rh3 22. Qxb7 Qd8 23. c6 a5 24. Nc4 a4 25. Nb5 Bf8 26. Rc1 Rd3 27. h4 f3 28. Rhg1 Kh8 29. h5 Nf4 30. Bh4 Qxh4 31. Qxa8 Qxh5 32. Nxc7 f2 33. Rh1 Rh3 34. Qxe8 Qxe8 35. Nxe8 1-0

[Event "Vlissingen HZ op 10th"]
[Site "Vlissingen"]
[Date "2006.08.12"]
[Round "9"]
[White "Van Hecke, Ewoud"]
[Black "Koes, Richard"]
[Result "1-0"]
[WhiteElo "2156"]
[BlackElo "1988"]
[PlyCount "53"]
[EventDate "2006.08.05"]
[EventType "swiss"]
[EventRounds "9"]
[EventCountry "NED"]
[SourceTitle "CBM 113 Extra"]
[Source "ChessBase"]
[SourceDate "2006.09.14"]
[SourceVersion "1"]
[SourceVersionDate "2006.09.14"]
[SourceQuality "1"]

1. d4 Nf6 2. c4 g6 3. Nc3 Bg7 4. e4 d6 5. Nf3 0-0 6. Be2 e5 7. 0-0 Nc6 8. d5 Ne7 9. b4 Nh5 10. Re1 f5 11. Ng5 Nf4 12. Bxf4 exf4 13. Rc1 fxe4 14. Ncxe4 Nf5 15. c5 Be5 16. Bc4 Kg7 17. Nf3 Bf6 18. Rc2 g5 19. h3 h5 20. Nfxg5 Bxg5 21. Qxh5 Bh6 22. cxd6 cxd6 23. Bd3 Qe8 24. Rc7+ Rf7 25. Re2 Be6 26. Nxd6 Nxd6 27. Qg6+ 1-0